Global economic prospects: summary (Record no. 75932)

MARC details
000 -LEADER
fixed length control field 00782nam a2200193 a 4500
008 - FIXED-LENGTH DATA ELEMENTS--GENERAL INFORMATION
fixed length control field 120416s1993 ||||||||||||||||| || u
020 ## - INTERNATIONAL STANDARD BOOK NUMBER
International Standard Book Number 0821360353
050 ## - LIBRARY OF CONGRESS CALL NUMBER
Classification number IBRD(058)GEP/S
110 ## - MAIN ENTRY--CORPORATE NAME
Corporate name or jurisdiction name as entry element World Bank
245 10 - TITLE STATEMENT
Title Global economic prospects: summary
260 ## - PUBLICATION, DISTRIBUTION, ETC.
Place of publication, distribution, etc. Washington, D. C.
Name of publisher, distributor, etc. World Bank
Date of publication, distribution, etc. 1993
300 ## - PHYSICAL DESCRIPTION
Extent 66p.: ill.
350 ## -
-- 0.00
650 #0 - SUBJECT ADDED ENTRY--TOPICAL TERM
Topical term or geographic name entry element ECONOMICS
650 ## - SUBJECT ADDED ENTRY--TOPICAL TERM
Topical term or geographic name entry element GLOBALISATION
650 #0 - SUBJECT ADDED ENTRY--TOPICAL TERM
Topical term or geographic name entry element INTERNATIONAL ECONOMIC RELATIONS
995 ## -
-- SPECIAL COLLECTIONS
-- 025273
-- CBU-MAIN LIBRARY (Kitwe)
-- 0.00
-- IBRD(058)GEP/S/1993
-- 2
-- AVAILABLE
-- Apr 23, 2014
-- 025273
-- International Publications
995 ## -
-- SPECIAL COLLECTIONS
-- 0.00
-- IBRD(058)GEP/05
-- CBU-MAIN LIBRARY (Kitwe)
-- 1
-- 0.00
-- IBRD(058)GEP/S/2005
-- 1
-- AVAILABLE
-- 9780821360354
-- International Publications
999 ## -
-- 75932
-- 75932
Holdings
Withdrawn status Lost status Source of classification or shelving scheme Damaged status Not for loan Permanent Location Current Location Shelving location Date acquired Total Checkouts Full call number Barcode Date last seen Copy number Price effective from Koha item type
          CBU-MAIN LIBRARY, KITWE. CBU-MAIN LIBRARY, KITWE.   04/25/2023   IBRD(058)GEP/S/1993 025273 04/25/2023 1 04/25/2023 SPECIAL COLLECTION
          CBU-MAIN LIBRARY, KITWE. CBU-MAIN LIBRARY, KITWE.   04/25/2023   IBRD(058)GEP/S/2005 9780821360354 04/25/2023 2 04/25/2023 SPECIAL COLLECTION